000 00487nam a22001817a 4500
005 20230128111744.0
008 230128b ||||| |||| 00| 0 eng d
020 _a9788195048052
040 _aIN-DiNC
_cIN-DiNC
041 _deng
082 _a371.3
_bCHA
100 _aChangmai, Jogesh
_eauthor
245 _aTechniques of Teaching and Teaching Practice
_cBy Jogesh Changmai
250 _a1st ed,
260 _aJorhat:
_bUnika Prakashan,
_c2021
300 _a242p.
942 _2ddc
_cBK
999 _c11490
_d11490